000 00883nam a2200205 i 4500
001 34154
003 ES-MaACL
005 20260127062525.0
007 t|
008 030204s1947 sp ||||1| spa d
100 1 _aBofarull y Romañá, Manuel de.
_929767
245 1 3 _aEl usufructo y la nuda propiedad en la suscripción de valores mobiliarios
_b: discurso leído el día 14 de junio de 1947, en su recepción pública /
_cpor Manuel Bofarull y Romañá y contestación de Antonio Goicoechea.
260 _aMadrid :
_b[s.n.,
_c1947] (
_fImp. Viuda Galo Sèz)
300 _a94 p. ;
_c24 cm.
500 _aPrecede al tít.: Real Academia de Jurisprudencia y Legislación.
700 1 _aGoicoechea y Cosculluela, Antonio.
_957614
700 _aReal Academia de Jurisprudencia y Legislación de España
_9217612
852 _aES-MaACL
_j1866-F-21
_bR.23930
999 _c34154
_d34154